| 000 | 01046nam a2200253 i 4500 | ||
|---|---|---|---|
| 001 | 13791 | ||
| 003 | ES-MaACL | ||
| 005 | 20251115063229.0 | ||
| 007 | t| | ||
| 008 | 980706s1995 sp ||||1| spa d | ||
| 020 | _a84-86712-130 | ||
| 080 | _a821.134.2-22"19" | ||
| 080 | _a821.134.2 Muñoz Seca, Pedro 1.06 | ||
| 100 | 1 |
_aMuñoz Seca, Pedro, _d1881-1936 _984499 |
|
| 245 | 1 | 0 |
_aEntrada general y Los morenos o Estreno del episodio dramático, en verso, original de Don Ananías Gómez titulado ¡Ay de mi! / _cPedro Muñoz Seca ; edición de Alberto Romero Ferrer y Marieta Cantos Casenave. |
| 260 |
_a[S.l.] : _bFundación Pedro Muñoz Seca ; _aEl Puerto de Santa María : _bHogar Sur, _c1995. |
||
| 300 |
_a208 p. ; _c25 cm. |
||
| 600 | 1 | 4 |
_aMuñoz Seca, Pedro, _d1881-1936- _xCrítica e interpretación _984500 |
| 700 | 1 |
_aRomero Ferrer, Alberto. _999391 |
|
| 700 | 1 |
_aCantos Casenave, Marieta. _934692 |
|
| 710 | 2 |
_aFundación Pedro Muñoz Seca. _94388 |
|
| 852 |
_aES-MaACL _jL-21190 _bR.124968 |
||
| 999 |
_c13791 _d13791 |
||